| 000 | 01507nam0a2200325 4500 | ||
|---|---|---|---|
| 001 | RU\NLR\bibl\1241787 | ||
| 005 | 20260407120717.0 | ||
| 021 |
_aRU _b2008-31183 _91724 |
||
| 035 | _a(NLR Aleph) 001227972 | ||
| 090 |
_a180232 _c180232 |
||
| 100 | _a20080617d2007 |||y0rusy50 ca | ||
| 101 | 0 |
_arus _afre |
|
| 102 | _aRU | ||
| 105 | _aa ||||||||| | ||
| 200 | 1 |
_aRomania _eлексикография. Речь. Текст _eсборник научных статей _fФедер. агентство по образованию, Ставроп. гос. ун-т _g[редкол.: Дюмон Н.Н. (отв. ред.) и др.] |
|
| 210 |
_aСтаврополь _cИзд-во Ставропольского государственного университета _d2007 |
||
| 215 |
_a241 с. _cил. _d20 |
||
| 300 | _aЧасть текста на фр. яз. | ||
| 320 | _aБиблиогр. в конце ст. | ||
| 606 | 1 |
_aРоманские языки _jСборники _xЛексикография _91525073 _3RU\NLR\auth\66965011 |
|
| 606 | 1 |
_aРоманские языки _jСборники _xСтилистика _91525824 _3RU\NLR\auth\66965392 |
|
| 686 | _aШ147-4я43 | ||
| 686 | _aШ147-7я43 | ||
| 702 | 1 |
_aДюмон _bН. Н. _4340 |
|
| 712 | 0 | 2 |
_4570 _aСтавропольский государственный университет _3RU\NLR\AUTH\889953094 _9402194 |
| 801 | 0 |
_aRU _bNLR _c20080617 _gRCR |
|
| 801 | 1 |
_aRU _bNLR _c20080617 |
|
| 942 | _cBOOK | ||
| 980 | _aNB | ||